Quiz da história do Corinthians. - Statistics

Estatísticas Gerais
  • Esse quiz foi jogado 999 vezes
  • A pontuação média é 10 de 14
Estatísticas das Respostas
Hint Resposta % Correto
Qual o ano de fundação do clube? 1910
98%
Qual é o goleiro que mais atuou com a camisa do Corinthians? Cássio
94%
Qual o nome da principal torcida organizada do Corinthians? Gaviões da Fiel
92%
Qual é o mascote do clube? Mosqueteiro
86%
Qual era o goleiro titular na conquista do Mundial de Clubes de 2000? Dida
79%
Quem é o maior artilheiro da Neo Química Arena? (19 de julho de 2022)
78%
Qual o ano do primeiro título paulista do Corinthians? 1914
77%
Qual foi o primeiro jogador chinês a atuar com a camisa do Corinthians? Zizao
70%
Autor dos gols contra o Real Madrid no Mundial de Clubes da FIFA de 2000. Edílson Capetinha
65%
Em qual ano o Corinthians participou pela primeira vez na Copa Libertadores? 1977
64%
Quem foi a contratação mais cara da história do Corinthians? Carlos Tevez
60%
Qual o maior artilheiro da história do Corinthians? Claudio
46%
Qual é o jogador com mais jogos na história do Corinthians? Wladimir
45%
Qual é o jogador que mais marcou com a camisa do Corinthians na Libertadores? Luizão
39%
Nenhum quiz correspondente encontrado
Distribuição das Pontuações
Porcentagem de Pessoas com Cada Pontuação
Percentil de Números Respondidos
Sua Pontuação Histórica
Você não jogou esse quiz